| 000 | 00847nas a2200277 4500 | ||
|---|---|---|---|
| 001 | BR0906644 | ||
| 003 | BR-BrBNA | ||
| 005 | 20231205113756.0 | ||
| 007 | ta | ||
| 008 | 230509b bl.|||p| |||| 00| 00por d | ||
| 040 |
_aBR-BrBNA _bpor _cBiblioteca Nacional de Agricultura |
||
| 041 | _a(Pt) | ||
| 072 | _aF01; L02 | ||
| 100 | 1 | _aPedroso, C.E. da S. | |
| 100 | 1 | _aMonks, P.L. | |
| 100 | 1 | _aFerreira, O.G.L. | |
| 100 | 1 | _aTavares, O.M. | |
| 100 | 1 | _aLima, L.S. | |
| 245 | 1 | _aCaracterísticas estruturais de milheto sob pastejo rotativo com diferentes períodos de descanso | |
| 650 | _aDESFOLHA | ||
| 650 | _aPERFILHAÇÃO | ||
| 650 | _aMILHETO | ||
| 773 | 0 |
_tRevista Brasileira de Zootecnia (Brazil) _xISSN 1516-3598 _g(May 2009), v. 38(5) p. 801-808 _wBR0906644 |
|
| 909 |
_a202311 _bLúcia _c55 _dLúcia Elande |
||
| 942 |
_2AGRIS _n0 _cANA |
||
| 999 |
_c205544 _d205544 |
||